[Event "ch-ROM"]
[Site "Curtea de Arges ROM"]
[Date "2002.11.26"]
[Round "2.2"]
[White "Bogdan,D"]
[Black "Moldovan,D"]
[Result "1/2-1/2"]
[WhiteElo "2412"]
[BlackElo "2460"]

1.c4 e5 2.g3 Nf6 3.Bg2 Nc6 4.Nc3 Bc5 5.e3 d6 6.Nge2 O-O 7.O-O a6 8.d3 h6
9.h3 Ba7 10.Kh2 Re8 11.Rb1 Be6 12.Nd5 Bxd5 13.cxd5 Ne7 14.e4 c6 15.dxc6 Nxc6
16.f4 Rc8 17.Nc3 b5 18.a3 Nd4 19.Be3 Bb6 20.Rc1 Qe7 21.Kh1 Ba7 22.Kh2 Bb6
23.f5 Qa7 24.Bd2 a5 25.g4 b4 26.axb4 axb4 27.Nd5 Nxd5 28.exd5 Rxc1 29.Qxc1 Bd8
30.Bxh6 gxh6 31.f6 Bxf6 32.Rxf6 Ne2 33.Qe1 Qe7 34.Rf3 Nf4 35.Qxb4 Rc8 36.Qd2 Qg5
37.Qf2 Qg6  1/2-1/2

[Event "30th Ann"]
[Site "Taastrup DEN"]
[Date "2002.11.27"]
[Round "6"]
[White "Koerholz,L"]
[Black "Raetsky,A"]
[Result "1/2-1/2"]
[WhiteElo "2356"]
[BlackElo "2423"]

1.c4 e5 2.g3 c6 3.d4 e4 4.Bg2 d5 5.Nc3 Nf6 6.Bg5 Be7 7.e3 Nbd7 8.Nge2 h6
9.Bxf6 Nxf6 10.Qb3 Qa5 11.cxd5 cxd5 12.O-O O-O 13.Nf4 Rd8 14.f3 g5 15.Nfxd5 Nxd5
16.fxe4 Nf6 17.e5 Be6 18.Qxb7 Nd7 19.Qe4 Nb6 20.Qf3 Rac8 21.Bh3 Bxh3 22.Qxf7+ Kh8
23.Qxe7 Nd5 24.Nxd5 Qxd5 25.Qf6+ Kh7 26.Qf7+ Qxf7 27.Rxf7+ Kg6 28.Rf2 Rd7
29.Rd1 Rdc7 30.d5 Rc1 31.Rd2 Kf5 32.e6 Rxd1+ 33.Rxd1 Ke5 34.Rd2 Rf8 35.Rd1 Rc8
36.Rd2 Rf8 37.Rd1 Rc8 38.Rd2 Rf8  1/2-1/2

[Event "40th Ann Open"]
[Site "Curacao AHO"]
[Date "2002.11.28"]
[Round "9"]
[White "Loew,G"]
[Black "Belakovskaia,A"]
[Result "0-1"]
[WhiteElo "2268"]
[BlackElo "2270"]

1.c4 e5 2.g3 Nf6 3.Bg2 d5 4.cxd5 Nxd5 5.Nf3 Nc6 6.O-O Be7 7.d4 exd4 8.Nxd4 Nxd4
9.Qxd4 Nf6 10.Qa4+ c6 11.Rd1 Qb6 12.Be3 Bc5 13.Bxc5 Qxc5 14.Nc3 O-O 15.Rac1 Qh5
16.Rd4 a5 17.Qb3 Rb8 18.Qb6 Bg4 19.f3 Be6 20.Rcd1 h6 21.Ra4 Ra8 22.Rd2 Nd7
23.Qc7 Qc5+ 24.Kf1 Nb6 25.Re4 Nc4 26.Rxc4 Qxc4 27.Qxb7 Rad8 28.Rxd8 Rxd8
29.f4 Bd5 30.Bh3 Qb4 31.Qxb4 axb4 32.Nxd5 Rxd5 33.Bg2 Rd1+ 34.Kf2 c5 35.a4 c4
36.a5 c3 37.bxc3 b3 38.a6 b2 39.Be4 b1=Q 40.Bxb1 Rxb1 41.Ke3 Ra1  0-1

[Event "Baharov Mem"]
[Site "Borovec BUL"]
[Date "2002.12.02"]
[Round "3"]
[White "Dimitrov,V"]
[Black "Kukov,V"]
[Result "1-0"]
[WhiteElo "2438"]
[BlackElo "2230"]

1.c4 e5 2.g3 Nc6 3.Bg2 g6 4.Nc3 Nge7 5.d3 Bg7 6.Rb1 O-O 7.e3 f5 8.Nge2 d6
9.O-O Kh8 10.b3 Qe8 11.f4 Nd8 12.Qd2 Ne6 13.Bb2 a5 14.Rbe1 Rb8 15.Nd5 b6
16.e4 fxe4 17.dxe4 c5 18.fxe5 Rxf1+ 19.Rxf1 Bxe5 20.Nf6 Qd8 21.Qh6 Nf8 22.Bxe5 dxe5
23.Ne8 Ne6 24.Rf7  1-0

[Event "ch-POL w sf"]
[Site "Lubniewice POL"]
[Date "2002.12.03"]
[Round "4"]
[White "Pokojska,D"]
[Black "Andrzejewska,E"]
[Result "1-0"]
[WhiteElo "2071"]
[BlackElo "2250"]

1.c4 e5 2.g3 Nc6 3.Bg2 f5 4.d3 Nf6 5.Nc3 d6 6.e3 Be7 7.Nge2 O-O 8.O-O Be6
9.Nd5 Qd7 10.Nec3 Rae8 11.Qa4 Bd8 12.Bd2 f4 13.exf4 Bh3 14.Nxf6+ Rxf6 15.Bd5+ Kh8
16.Rfe1 Ref8 17.Ne4 Rg6 18.Ng5 Bxg5 19.fxg5 Qf5 20.Be3 Nd4 21.Bxd4 exd4 22.Qc2 Qxg5
23.Bxb7 Rgf6 24.Kh1 h5 25.f4 Qh6 26.Bg2 Bxg2+ 27.Kxg2 g5 28.fxg5 Qxg5 29.Rf1 Qg6
30.Rxf6 Qxf6 31.Kg1 Qg5 32.Re1 c5 33.Qe2 h4 34.Kg2 hxg3 35.hxg3 Rg8 36.Rh1+ Kg7
37.Rh5 Qf6 38.Qg4+ Kf8 39.Qc8+ Kg7 40.Qd7+ Kg6 41.Qh7+  1-0

[Event "TCh-AUT 2002-3"]
[Site "Frohnleiten AUT"]
[Date "2002.12.05"]
[Round "1"]
[White "Duer,A"]
[Black "Gustafsson,J"]
[Result "0-1"]
[WhiteElo "2365"]
[BlackElo "2554"]

1.c4 e5 2.g3 Nf6 3.Bg2 c6 4.d4 exd4 5.Qxd4 d5 6.cxd5 cxd5 7.Nf3 Nc6 8.Qa4 Bc5
9.O-O O-O 10.Bg5 Re8 11.Qb5 Be7 12.Nc3 a6 13.Qa4 Be6 14.Nd4 Qb6 15.Nxe6 fxe6
16.Qc2 Rac8 17.Rad1 Ne5 18.Qb3 Bc5 19.Qxb6 Bxb6 20.Rc1 Kf7 21.h3 Ba7 22.b3 Rc6
23.Nb1 h6 24.Bd2 Rec8 25.Rxc6 Nxc6 26.Rc1 e5 27.Kf1 Ke6 28.e3 e4 29.h4 Ng4
30.Bh3 h5 31.Nc3 Ne5 32.Ne2 Rxc1+ 33.Bxc1 Nd3 34.Bxg4+ hxg4 35.Bd2 g6 36.Nc1 d4
37.Ne2 dxe3 38.Bxe3 Bb8 39.Nc3 Ke5 40.Ke2 Bd6 41.Kd2 Bb4 42.Kc2 Ne1+ 43.Kd2 Nf3+
44.Kc2 Nd4+ 45.Bxd4+ Kxd4 46.Ne2+ Ke5 47.Kd1 Bc5 48.Ke1 e3 49.fxe3 Bxe3 50.Nc3 b5
51.Ke2 Bd4 52.Nb1 Kd5 53.Nd2 Be5 54.Kf2 Kd4 55.Nf1 Kc3 56.Nh2 Kb2 57.Nxg4 Bd6
58.Nf6 Kxa2 59.Ne4 Bb4 60.g4 Kxb3 61.g5 Bf8 62.Kf3 b4 63.Kg4 Kc2 64.Nf6 b3
65.Nd7 Bg7 66.Nb6 b2 67.Nc4 b1=Q 68.Na3+ Kc1 69.Nxb1 Kxb1 70.Kf4 a5 71.Ke4 a4
72.Kd5 a3  0-1

[Event "ch-GRE"]
[Site "Athens GRE"]
[Date "2002.12.06"]
[Round "9"]
[White "Mastrovasilis,A"]
[Black "Anagnostopoulos,D"]
[Result "0-1"]
[WhiteElo "2452"]
[BlackElo "2438"]

1.c4 e5 2.g3 Nc6 3.Bg2 g6 4.Nc3 Bg7 5.e3 d6 6.Nge2 Nge7 7.d3 O-O 8.O-O Bd7
9.Rb1 a5 10.a3 Qc8 11.b4 axb4 12.axb4 Bh3 13.Bxh3 Qxh3 14.b5 Nd8 15.Nd5 Qd7
16.Nec3 Nc8 17.Qf3 f5 18.Bd2 Ne6 19.Nb4 e4 20.Qe2 Ng5 21.d4 Nb6 22.Ra1 Rae8
23.Nbd5 Nf3+ 24.Kg2 g5 25.Nxb6 cxb6 26.Nd5 Bh6 27.Ra3 Kh8 28.h3 f4 29.g4 Nxd4
30.Qd1 Nf3 31.Bc3+ Bg7 32.exf4 Bxc3 33.Rxc3 Nh4+ 34.Kg3 gxf4+ 35.Nxf4 Qg7
36.Nd5 Nf3 37.Kg2 h5 38.Rh1 Kg8 39.Qc1 Re5 40.Kf1 Rg5 41.Ne3 Qe5 42.Nf5 Rfxf5
43.gxf5 Qxf5 44.Ra3 Kh7 45.Qe3 d5 46.Ra7 Qxh3+ 47.Ke2 Qxh1 48.Rxb7+ Rg7 49.Rxg7+ Kxg7
50.Qc3+ d4 51.Qb4 Kf7 52.c5 bxc5 53.Qa5 d3+ 54.Ke3 Qe1+ 55.Qxe1 Nxe1 56.b6 Nc2+
57.Kxe4 Nb4 58.b7 Nc6  0-1

[Event "TCh-BEL 2002-3"]
[Site "Belgium BEL"]
[Date "2002.12.08"]
[Round "4"]
[White "Meessen,R"]
[Black "Lamby,P"]
[Result "0-1"]
[WhiteElo "2250"]
[BlackElo "2154"]

1.c4 e5 2.g3 c6 3.d4 e4 4.Nc3 f5 5.e3 Nf6 6.Nh3 Be7 7.Bd2 O-O 8.Rc1 d6 9.f3 Na6
10.Nf2 exf3 11.Qxf3 Be6 12.d5 Bd7 13.Bh3 Nc5 14.O-O Qb6 15.b3 Rae8 16.Qe2 Rf7
17.Kh1 Bf8 18.Rce1 g6 19.Bg2 Bh6 20.b4 Na6 21.a3 Nc7 22.e4 Bg7 23.Qd3 Nxe4
24.Ncxe4 fxe4 25.Nxe4 Rxf1+ 26.Rxf1 cxd5 27.Nf6+ Bxf6 28.Rxf6 dxc4 29.Qxc4+ Be6
30.Qf1 Bd5 31.Bh6 Bxg2+ 32.Kxg2 Qc6+ 33.Kh3 Qd7+ 34.g4 Ne6 35.Qd3 g5 36.Qd5 Kh8
37.Bxg5 Nxg5+ 38.Qxg5 Qe7 39.Qf5 Kg7 40.Qg5+ Kh8 41.Rf5 Qxg5 42.Rxg5 Re3+
43.Kh4 Rxa3 44.Rd5 Rb3 45.b5 Kg7 46.Kg5 Rb4 47.h4 h6+ 48.Kh5 Rb1 49.g5 hxg5
50.Kxg5 Rc1 51.Kf5 Kf7 52.h5 Rc5 53.Ke4 Ke6 54.Rd1 Rxh5 55.Rb1 d5+ 56.Kd3 Rh3+
57.Kd4 Rh4+ 58.Kd3 Ra4 59.Kc3 Kd6 60.Kb3 Rh4 61.Rc1 Rh7 62.Kb4 Rc7 63.Rxc7 Kxc7
64.Kc5 d4 65.b6+ axb6+ 66.Kxd4 Kc6  0-1

[Event "ch-POL w sf"]
[Site "Lubniewice POL"]
[Date "2002.12.08"]
[Round "9"]
[White "Pokojska,D"]
[Black "Krupa,M"]
[Result "1/2-1/2"]
[WhiteElo "2071"]
[BlackElo "2248"]

1.c4 e5 2.g3 Nc6 3.Bg2 g6 4.Nc3 Bg7 5.d3 d6 6.Nf3 h6 7.O-O Be6 8.h3 Qd7 9.Kh2 f5
10.e3 Nge7 11.Ne1 O-O 12.f4 exf4 13.exf4 d5 14.Nxd5 Nxd5 15.cxd5 Bxd5 16.Nf3 Rad8
17.Be3 Rfe8 18.Bg1 b6 19.Qd2 Re7 20.Rac1 Rde8 21.Rfe1 Rxe1 22.Nxe1 Bxg2 23.Qxg2 Nd4
24.Bxd4 Bxd4 25.Nf3 c5 26.b4 Re3 27.bxc5 bxc5 28.Nxd4 Qxd4 29.Qa8+ Kf7 30.Qxa7+ Re7
31.Qxc5 Re2+ 32.Kh1 Re1+ 33.Kh2 Re2+ 34.Kh1  1/2-1/2

[Event "Salona Rapid 1hr"]
[Site "Solin-Spilt CRO"]
[Date "2002.12.16"]
[Round "10"]
[White "Kurajica,B"]
[Black "Romanishin,O"]
[Result "1/2-1/2"]
[WhiteElo "2548"]
[BlackElo "2562"]

1.c4 e5 2.g3 Nf6 3.Bg2 d5 4.cxd5 Nxd5 5.Nf3 Nc6 6.O-O Nb6 7.d3 Be7 8.a3 O-O
9.Nbd2 a5 10.b3 f5 11.Bb2 Bf6 12.Rc1 Nd4 13.e3 Nxf3+ 14.Nxf3 Re8 15.Qc2 c6
16.e4 fxe4 17.dxe4 Qc7 18.h4 h6  1/2-1/2

[Event "Salona Rapid 1hr"]
[Site "Solin-Spilt CRO"]
[Date "2002.12.17"]
[Round "12"]
[White "Cvitan,O"]
[Black "Sermek,D"]
[Result "1-0"]
[WhiteElo "2562"]
[BlackElo "2590"]

1.c4 e5 2.g3 Nf6 3.Bg2 d5 4.cxd5 Nxd5 5.Nc3 Nb6 6.Nf3 Nc6 7.O-O Be7 8.a3 O-O
9.b4 Re8 10.d3 Bf8 11.Bb2 Bg4 12.h3 Bh5 13.Rc1 f5 14.e4 f4 15.Ne2 fxg3 16.fxg3 a6
17.g4 Bg6 18.Rxc6 bxc6 19.Nxe5 Qd6 20.Qb3+ Kh8 21.Nxg6+ hxg6 22.Nf4 Nd7 23.h4 Ne5
24.d4  1-0

[Event "11th Donau Open"]
[Site "Aschach AUT"]
[Date "2002.12.27"]
[Round "3"]
[White "Seifert,D"]
[Black "Orel,O"]
[Result "1/2-1/2"]
[WhiteElo "2111"]
[BlackElo "2322"]

1.c4 e5 2.g3 Nf6 3.Bg2 Nc6 4.Nc3 Bc5 5.a3 a5 6.e3 d6 7.Nge2 Bg4 8.h3 Bf5
9.d4 Bb6 10.Nd5 Nxd5 11.cxd5 Ne7 12.e4 Bg6 13.Qa4+ c6 14.dxc6 bxc6 15.dxe5 dxe5
16.O-O O-O 17.Rd1 Qc7 18.Bd2 f6 19.Be1 Bf7 20.Rac1 Rab8 21.Rd3 Rfd8 22.Rcd1 Rxd3
23.Rxd3 Rd8 24.Qd1 Bc4 25.Rxd8+ Qxd8 26.Qxd8+ Bxd8 27.Bf1 Nc8 28.Nc1 Be6
29.Nd3 Bb6 30.b4  1/2-1/2

[Event "TSGM Dec"]
[Site "Belgrade YUG"]
[Date "2002.12.27"]
[Round "7"]
[White "Abramovic,B"]
[Black "Stojanovic,Mih"]
[Result "1-0"]
[WhiteElo "2492"]
[BlackElo "2472"]

1.c4 e5 2.g3 Nf6 3.Bg2 c6 4.d4 Bb4+ 5.Bd2 Bxd2+ 6.Qxd2 d6 7.Nc3 O-O 8.e3 Re8
9.Nge2 e4 10.O-O d5 11.cxd5 cxd5 12.f3 exf3 13.Bxf3 Bg4 14.Nf4 Bxf3 15.Rxf3 Nc6
16.Re1 Re7 17.Rff1 Qd7 18.Qg2 Rd8 19.Nd3 Na5 20.Rxf6 gxf6 21.Nf4 Re6 22.Ncxd5 Rd6
23.Nh5 Kh8 24.Ndxf6 Qf5 25.g4 Qg6 26.g5 Qd3 27.Ne4 Rc6 28.Qf3 Rg8 29.Nhf6 Rg6
30.Qf4 Rc8 31.Nd6 Rf8 32.Nxf7+ Kg7 33.Rf1 Rxf7 34.Nh5+ Kh8 35.Qe5+ Rgg7 36.Rxf7 Qd1+
37.Kf2 Qd2+ 38.Kg3 Qe1+ 39.Kh3  1-0

[Event "Open A"]
[Site "Bethune FRA"]
[Date "2002.12.27"]
[Round "2"]
[White "Spiridonov,Nikolai"]
[Black "Leignel,N"]
[Result "1-0"]
[WhiteElo "2182"]
[BlackElo "2142"]

1.c4 e5 2.g3 d6 3.Bg2 f5 4.Nc3 Nf6 5.d3 Be7 6.e3 O-O 7.Nge2 c6 8.O-O Na6
9.f4 Kh8 10.b3 Qe8 11.Qd2 Be6 12.Bb2 Rd8 13.Rae1 Qg6 14.Ba3 Rfe8 15.Nd1 e4
16.Nf2 exd3 17.Qxd3 d5 18.Bxe7 Rxe7 19.Nc3 Ree8 20.cxd5 Bxd5 21.Nxd5 Nxd5
22.Bxd5 Rxd5 23.Qc4 h5 24.e4 fxe4 25.Rxe4 Nc5 26.Rxe8+ Qxe8 27.b4 Nd7 28.Ne4 Nb6
29.Qc2 Qg6 30.Re1 h4 31.Nf6  1-0

[Event "XVIII Winter Open"]
[Site "Nice FRA"]
[Date "2002.12.27"]
[Round "3"]
[White "Collareta,G"]
[Black "Acher,M"]
[Result "0-1"]
[WhiteElo "2105"]
[BlackElo "2308"]

1.c4 e5 2.g3 g6 3.Bg2 Bg7 4.Nc3 d6 5.b4 f5 6.e3 Nf6 7.Nge2 O-O 8.O-O c6 9.d4 e4
10.Rb1 d5 11.b5 dxc4 12.f3 exf3 13.Bxf3 Be6 14.bxc6 bxc6 15.Nf4 Bf7 16.d5 Nxd5
17.Ncxd5 cxd5 18.Nxd5 Nc6 19.Bb2 Bxb2 20.Rxb2 Ne5 21.Bg2 Nd3 22.Rb5 Rc8 23.Qa1 Be6
24.Rb7 Rf7 25.Rxf7 Kxf7 26.Qd4 Rc5 27.Nc3 Qxd4 28.exd4 Rc8 29.Rb1 Re8 30.d5 Bc8
31.Bf1 Kf6 32.Rb8 Ke5 33.d6 a6 34.Na4 Kxd6 35.Nb6 Kc7 36.Rxc8+ Rxc8 37.Nxc8 Kxc8
38.Bxd3 cxd3 39.Kf2  0-1

[Event "26th Christmas Open Masters"]
[Site "Zurich SUI"]
[Date "2002.12.28"]
[Round "4"]
[White "Tukmakov,V"]
[Black "Kuehn,Man"]
[Result "1-0"]
[WhiteElo "2568"]
[BlackElo "2267"]

1.c4 e5 2.g3 Nc6 3.Bg2 f5 4.Nc3 Nf6 5.d3 Be7 6.Nf3 O-O 7.O-O Qe8 8.Nd5 Bd8
9.Bg5 Kh8 10.Bxf6 gxf6 11.e3 d6 12.Nh4 f4 13.exf4 Nd4 14.Re1 c6 15.Nc3 Rg8
16.Qd2 Qh5 17.Ne2 Ba5 18.b4 Nxe2+ 19.Rxe2 Bxb4 20.Qxb4 Qxe2 21.Qxd6 Re8 22.Qxf6+ Kg8
23.Qg5+ Kh8 24.Qf6+ Kg8 25.Be4 Qh5 26.Bf3 Qf7 27.Qxf7+  1-0

[Event "35th Open"]
[Site "Trinec CZE"]
[Date "2002.12.29"]
[Round "2"]
[White "Sikora Lerch,J"]
[Black "Anka,E"]
[Result "0-1"]
[WhiteElo "2336"]
[BlackElo "2462"]

1.c4 e5 2.g3 Nf6 3.Bg2 d5 4.cxd5 Nxd5 5.Nc3 Nb6 6.Nf3 Nc6 7.O-O Be7 8.a3 O-O
9.b4 Re8 10.d3 Bf8 11.Ng5 h6 12.Nge4 a5 13.b5 Nd4 14.e3 Ne6 15.f4 f5 16.Nf2 Bd6
17.Bb2 a4 18.Qh5 exf4 19.gxf4 Qe7 20.Nd5 Qf7 21.Qxf7+ Kxf7 22.Nxb6 cxb6 23.Bd5 Kf8
24.Bc4 Bd7 25.e4 Nxf4 26.exf5 Bxf5 27.Ne4 Rxe4 28.dxe4 Bc5+ 29.Rf2 Bxf2+
30.Kxf2 Rc8 31.Ke3 Rxc4 32.Kxf4 Bxe4 33.Ke5 Bg6 34.Bd4 Rc2 35.Bxb6 Rxh2 36.Rc1 Rh5+
37.Kf4 Rf5+ 38.Kg4 Rxb5 39.Rc8+ Be8 40.Bc5+ Kf7 41.Rc7+ Kg6 42.Bd4 Bf7 43.Bc3 Rg5+
44.Kh4 b5 45.Bd4 Rf5 46.Kg4 h5+ 47.Kg3 Rg5+ 48.Kh2 Rf5 49.Kg3 Kh7 50.Rc5 Rxc5
51.Bxc5 g5 52.Be7 Kg6 53.Kf3 Kf5 54.Kg3 h4+ 55.Kf2 Kg4 56.Kg2 Bd5+ 57.Kh2 Kh5
58.Kg1 g4  0-1

[Event "TCh-NOR Qualifier"]
[Site "NOR"]
[Date "2002.??.??"]
[Round "5"]
[White "Lie,K"]
[Black "Bae,T"]
[Result "1-0"]
[WhiteElo "2388"]
[BlackElo "2318"]

1.c4 e5 2.g3 Nf6 3.Bg2 Nc6 4.Nc3 Bb4 5.Nd5 Bd6 6.Nf3 O-O 7.O-O Nd4 8.e3 Nxf3+
9.Qxf3 Nxd5 10.Qxd5 Qe7 11.d4 c6 12.Qa5 b6 13.Qa4 a5 14.Qc2 Ba6 15.Bd2 f5
16.dxe5 Bxe5 17.Rfe1 Qe6 18.Rac1 a4 19.f4 Bf6 20.e4 Bd4+ 21.Kh1 b5 22.exf5 Qxf5
23.Bb4 Qxc2 24.Rxc2 Rfe8 25.Rd1 c5 26.cxb5 Bxb5 27.Bxc5 Rac8 28.Bd5+ Kh8
29.Rxd4 d6 30.Rb4 Bd7 31.Rbc4 dxc5 32.Rxc5 Rxc5 33.Rxc5 Re1+ 34.Kg2 Re2+
35.Kf3 Rxb2 36.Ra5 Rb8 37.a3 g6 38.Ra8 Rxa8 39.Bxa8 Kg7 40.Ke4 Kf6 41.Kd5 Kf5
42.Kd6 Bb5 43.Bc6 Bxc6 44.Kxc6 Kg4 45.Kb5 Kh3 46.Kxa4 h5 47.Kb4 Kxh2 48.a4 Kxg3
49.a5 Kxf4 50.a6 g5 51.a7 g4 52.a8=Q Kg3 53.Qh1 h4 54.Kc3 h3 55.Kd2 Kf2 56.Qh2+ Kf1
57.Ke3 g3 58.Qh1+  1-0

[Event "TCh-NOR Qualifier"]
[Site "NOR"]
[Date "2002.??.??"]
[Round "6"]
[White "Ekeberg,C"]
[Black "Thanke,B"]
[Result "1/2-1/2"]
[WhiteElo "2181"]
[BlackElo "2154"]

1.c4 e5 2.g3 Nf6 3.Bg2 d5 4.cxd5 Nxd5 5.Nf3 Nc6 6.O-O Nb6 7.d3 Be7 8.Nbd2 Be6
9.a3 a5 10.b3 f6 11.Bb2 O-O 12.Qc2 Qd7 13.e3 Rfd8 14.d4 exd4 15.Nxd4 Nxd4
16.exd4 Bd5 17.Be4 Bxe4 18.Nxe4 Re8 19.Rfe1 Bf8 20.Rac1 Nd5 21.Nc5 Bxc5 22.dxc5 c6
23.Qd2 a4 24.b4 Qf5 25.Re2 Rad8 26.Rce1 Rxe2 27.Qxe2 h6  1/2-1/2

[Event "TCh-NOR Qualifier"]
[Site "NOR"]
[Date "2002.??.??"]
[Round "8"]
[White "Trygstad,K"]
[Black "Jansson,J"]
[Result "0-1"]
[WhiteElo "2313"]
[BlackElo "2259"]

1.c4 e5 2.g3 g6 3.Bg2 Bg7 4.Nc3 Ne7 5.e4 O-O 6.Nge2 f5 7.d3 d6 8.O-O c6 9.Be3 Na6
10.Qd2 Nc7 11.d4 fxe4 12.dxe5 d5 13.cxd5 cxd5 14.Bc5 Bg4 15.Qg5 Bxe2 16.Bxe7 Qe8
17.Nxe2 Rf5 18.Qd2 Qxe7 19.Rac1 Qxe5 20.Rfd1 Raf8 21.Nf4 Bh6 22.Qc3 Qxc3
23.Rxc3 Bxf4 24.gxf4 R8f7 25.f3 exf3 26.Bxf3 Rxf4 27.Kg2 R4f5 28.Kg3 Rg5+
29.Kf2 Ne6 30.h4 Rgf5 31.Kg3 Nf4 32.Bg4 Re5 33.Rd2 Nh5+ 34.Kh3 Nf6 35.Rcd3 Rc7
36.Bf3 Rd7 37.Kg3 b6 38.Rd4 Kf7 39.b4 Ke6 40.a4 Ne4+ 41.Bxe4 Rxe4  0-1

[Event "TCh-FIN 2002-3"]
[Site "Finland FIN"]
[Date "2003.01.11"]
[Round "6"]
[White "Lindqvist,TE"]
[Black "Pukkila,M"]
[Result "1-0"]
[WhiteElo "2232"]
[BlackElo "2114"]

1.c4 e5 2.g3 Nf6 3.Bg2 Nc6 4.Nc3 Bb4 5.Nd5 Bc5 6.e3 O-O 7.Ne2 Re8 8.O-O a5
9.h3 d6 10.Kh2 Nxd5 11.cxd5 Nb4 12.d4 exd4 13.exd4 Bb6 14.a3 Na6 15.g4 Bd7
16.Qd3 Qh4 17.f3 Qf6 18.f4 h5 19.f5 hxg4 20.hxg4 Qh4+ 21.Bh3 c6 22.Bf4 Qe7
23.Rae1 Nc7 24.dxc6 Bxc6 25.Qg3 Rad8 26.g5 Qf8 27.g6 Nd5 28.Bg5 Re4 29.Bg2 Qe8
30.Bxe4 Qxe4 31.Bxd8 Bxd8 32.Nc3 Qxd4 33.gxf7+ Kxf7 34.Qg6+ Kg8 35.Nxd5 Qxd5
36.Re8+ Bxe8 37.Qxe8+ Kh7 38.Qh5+ Kg8 39.Qe8+ Kh7 40.Qxd8 Qe5+ 41.Kg2 Qe2+
42.Rf2 Qe4+ 43.Kg3 Qe3+ 44.Rf3 Qg1+ 45.Kh4 Qe1+ 46.Rg3 Qe4+ 47.Kg5 Qh1 48.Qxd6 Qc1+
49.Qf4 Qc8 50.Rh3+ Kg8 51.Rc3 Qd8+ 52.Kg4 Qd1+ 53.Qf3 Qd4+ 54.Kh3 Qd7 55.Rd3 Qe7
56.Qd5+ Kh7 57.Qe6 Qc7 58.Re3 Qf4 59.Qg6+  1-0

[Event "TCh-FIN 2002-3"]
[Site "Finland FIN"]
[Date "2003.01.11"]
[Round "6"]
[White "Parkkinen,J"]
[Black "Prieur,E"]
[Result "1-0"]
[WhiteElo "2192"]
[BlackElo "2173"]

1.c4 e5 2.g3 Nc6 3.Bg2 f5 4.Nc3 Nf6 5.e3 f4 6.Nge2 fxe3 7.dxe3 Bc5 8.O-O d6
9.Nd5 Bg4 10.Qc2 O-O 11.Nec3 Rc8 12.a3 a5 13.Bd2 Qe8 14.Ne4 Nxe4 15.Bxe4 Qh5
16.b4 Ba7 17.b5 Rf7 18.bxc6 bxc6 19.f4 cxd5 20.Bxd5 Kh8 21.Bxf7 Qxf7 22.fxe5 Qe6
23.Qe4 Be2 24.Rf4 g5 25.exd6 Qxd6 26.Bc3+ Kg8 27.Rf5 h6 28.Rd5 Qa6 29.Rd7 Qxc4
30.Qh7+ Kf8 31.Qe7+ Kg8 32.Qg7+  1-0

[Event "Inv. Tens"]
[Site "Wijk aan Zee NED"]
[Date "2003.01.18"]
[Round "2"]
[White "Lobron,E"]
[Black "Peek,Mar"]
[Result "1-0"]
[WhiteElo "2506"]
[BlackElo "2417"]

1.c4 e5 2.g3 c6 3.d4 Bb4+ 4.Bd2 Bxd2+ 5.Qxd2 d6 6.Nc3 Nf6 7.Bg2 O-O 8.e3 Be6
9.b3 exd4 10.Qxd4 d5 11.cxd5 Nxd5 12.Nge2 Qa5 13.O-O Nxc3 14.Qxc3 Qxc3 15.Nxc3 Na6
16.Rab1 Rad8 17.b4 Nc7 18.a4 Nd5 19.Ne2 Nf6 20.Nd4 Bd5 21.Rfc1 Bxg2 22.Kxg2 Rd5
23.Rc2 Re8 24.Rbc1 Nd7 25.Nb3 Re4 26.b5 Rxa4 27.bxc6 bxc6 28.Rxc6 g6 29.R1c2 Ne5
30.Rc8+ Kg7 31.Nd4 Rd7 32.h3 h5 33.f4 Nd3 34.R2c7 Rxc7 35.Rxc7 Ra2+ 36.Kf3 Ne1+
37.Ke4 Kf8 38.Rc1 f5+ 39.Kd5 Ra5+ 40.Kd6 Ra6+ 41.Kd7 Nd3 42.Rc8+ Kf7 43.Nf3 Rb6
44.Ng5+ Kf6 45.Ke8 Kg7 46.Rc7+ Kg8 47.Ke7 Nb4 48.Rc8+ Kg7 49.Ne6+ Kh7 50.Kf7 Rb7+
51.Kf6 Nd5+ 52.Kg5 Re7 53.Rc6 a5 54.Ra6 Nc3 55.Nf8+ Kg7 56.Nxg6 Ne4+ 57.Kxf5 Nxg3+
58.Kg5 Ne4+ 59.Kxh5 Nf6+ 60.Kg5 Nh7+ 61.Kf5 Rxe3 62.Ra7+ Kh6 63.Ne5  1-0

[Event "Kaissa Open"]
[Site "Kharkov UKR"]
[Date "2003.01.29"]
[Round "8"]
[White "Matjushin,G"]
[Black "Kucherenko,D"]
[Result "1-0"]
[WhiteElo "2424"]
[BlackElo "2315"]

1.c4 e5 2.g3 Nc6 3.Bg2 g6 4.Nc3 Bg7 5.e3 d6 6.Nge2 f5 7.d3 Nf6 8.O-O O-O
9.b3 Be6 10.Bb2 d5 11.cxd5 Nxd5 12.Na4 Bf7 13.Rc1 Qd6 14.e4 Nde7 15.Qc2 Rab8
16.a3 a5 17.Nac3 Rfd8 18.Rfd1 Qc5 19.exf5 gxf5 20.Re1 Qb6 21.Na4 Qxb3 22.Qxb3 Bxb3
23.Nc5 Bd5 24.f4 Bh6 25.Rc2 Bxg2 26.Kxg2 exf4 27.Nxf4 Bxf4 28.gxf4 Ng6 29.Be5 Ncxe5
30.fxe5 Kf7 31.Re3 Ke7 32.Nb3 c6 33.Nxa5 Rd5 34.Nc4 Rg8 35.Kf1 b5 36.Nd6 f4
37.Rh3 Nxe5  1-0

[Event "National I"]
[Site "Montpellier FRA"]
[Date "2003.01.31"]
[Round "1"]
[White "Delchev,A"]
[Black "Nikcevic,N"]
[Result "1-0"]
[WhiteElo "2583"]
[BlackElo "2468"]

1.c4 e5 2.g3 f5 3.d4 exd4 4.Qxd4 Nc6 5.Qe3+ Kf7 6.Nf3 Nf6 7.Bg2 Bb4+ 8.Bd2 Re8
9.Qb3 Bc5 10.Nc3 h6 11.O-O d6 12.Rad1 a6 13.Na4 Ne4 14.Nxc5 Nxc5 15.Qa3 Rxe2
16.Be3 Ne4 17.Nd4 Nxd4 18.Bxd4 Qe7 19.Bf3 Ng5 20.Bh5+ g6 21.Bxe2 Qxe2 22.Qe3 Qxe3
23.Bxe3 f4 24.Bxf4 Bh3 25.Bxg5 Bxf1 26.Bxh6 Be2 27.Rd4 Re8 28.Be3 Re5 29.Kg2 Ra5
30.a3 Ra4 31.c5 Rxd4 32.Bxd4 dxc5 33.Bxc5 g5 34.h3 Kg6 35.g4 a5 36.Be7 c6
37.Kg3 b5 38.Bd8 a4 39.Be7 Bd1 40.Bc5 Kf6 41.Bb6 Bc2 42.Bd8+ Kg6 43.h4 gxh4+
44.Kxh4 Bd3 45.f4 Bb1 46.Kg3  1-0

[Event "National I"]
[Site "Bischwiller FRA"]
[Date "2003.02.02"]
[Round "3"]
[White "Denisart,A"]
[Black "Muller,A"]
[Result "1/2-1/2"]
[WhiteElo "2067"]
[BlackElo "2176"]

1.c4 e5 2.g3 Nf6 3.Bg2 d5 4.cxd5 Nxd5 5.Nc3 Nb6 6.Nf3 Nc6 7.O-O Be7 8.d3 O-O
9.Be3 Be6 10.Na4 Nd7 11.d4 e4 12.d5 exf3 13.exf3 Bxd5 14.Qxd5 Nb6 15.Nxb6 axb6
16.Qc4 Bf6 17.Rad1 Qc8 18.f4 Bxb2 19.Bxc6 bxc6 20.Qxc6 Rd8 21.a4 Ra5 22.Bxb6 cxb6
23.Qxb6 Rxd1 24.Rxd1 Ra8 25.Qxb2 Rxa4 26.Qc2 Ra8 27.Qxc8+ Rxc8 28.Kg2 h5
29.Rd5 g6 30.f5 Kg7 31.fxg6 fxg6 32.h4 Kf6 33.Ra5 Rc3  1/2-1/2

[Event "TCh-FIN 2002-3"]
[Site "Finland FIN"]
[Date "2003.02.15"]
[Round "7"]
[White "Hentunen,A"]
[Black "Salmensuu,O"]
[Result "1/2-1/2"]
[WhiteElo "2322"]
[BlackElo "2422"]

1.c4 e5 2.g3 Nc6 3.Bg2 f5 4.d3 Bb4+ 5.Bd2 Bxd2+ 6.Qxd2 Nf6 7.Nc3 O-O 8.Nd5 Nd4
9.Nf3 Nxd5 10.Nxd4 Ne7 11.Nf3 d6 12.O-O Bd7 13.c5 Bc6 14.Qb4 a5 15.Qa3 Bxf3
16.cxd6 Qxd6 17.Qxd6 cxd6 18.Bxf3 d5 19.Rac1 Rac8 20.e3 Kf7 21.g4 g6 22.gxf5 gxf5
23.Rc3 Rg8+ 24.Bg2 Rc6 25.Rxc6 bxc6 26.Rc1 Rb8 27.Rc2 Ke6 28.Kf1 Kd6 29.Ke2 Rg8
30.Bf1 e4 31.Rc3 Rb8 32.Rc2 Ng6 33.f4 exf3+ 34.Kxf3 f4 35.exf4 Rf8 36.Rf2 Rxf4+
37.Kg3 Rxf2 38.Kxf2 Ke5 39.Ke3 d4+ 40.Kf3 Nf4 41.Kg4 h6 42.b3 c5 43.a3 Nd5
44.Kh5 Ne3 45.Be2 Nf5 46.Bg4 Kf4 47.Bh3 Ne3 48.Bd7 Nf1 49.h3 Nd2 50.Kxh6 Nxb3
51.Kg6 Kg3 52.Kg5 Nd2 53.Bg4 Nf3+ 54.Kf5  1/2-1/2

[Event "TCh-CZE 2002-3"]
[Site "Czech Rep CZE"]
[Date "2003.02.16"]
[Round "7"]
[White "Sikora Lerch,J"]
[Black "Virostko,P"]
[Result "1/2-1/2"]
[WhiteElo "2346"]
[BlackElo "2354"]

1.c4 e5 2.g3 Nf6 3.Bg2 d5 4.cxd5 Nxd5 5.Nc3 Nb6 6.Nf3 Nc6 7.a4 a5 8.O-O Bb4
9.d4 exd4 10.Nb5 O-O  1/2-1/2

[Event "Jersey Open"]
[Site "Jersey JCI"]
[Date "2003.02.19"]
[Round "4"]
[White "Westerman,H"]
[Black "Simmons,Mat"]
[Result "0-1"]
[WhiteElo "2098"]
[BlackElo "2200"]

1.c4 e5 2.g3 Nc6 3.Bg2 f5 4.Nc3 Nf6 5.e3 Bb4 6.Nge2 Bxc3 7.Nxc3 O-O 8.O-O d6
9.d3 Qe8 10.Rb1 Be6 11.Nd5 Rc8 12.b4 Nd8 13.b5 e4 14.Nf4 Bf7 15.Ba3 g5 16.Ne2 Ne6
17.Nd4 Bh5 18.Qd2 Nc5 19.Bxc5 dxc5 20.Nc2 Rd8 21.d4 Bf3 22.h3 Qh5 23.Rfc1 Be2
24.Ne1 cxd4 25.exd4 e3 26.fxe3 Ne4 27.Qb2 Nxg3 28.Rc2 f4  0-1

[Event "Jersey Open"]
[Site "Jersey JCI"]
[Date "2003.02.21"]
[Round "6"]
[White "Grant,A"]
[Black "De Heer,P"]
[Result "1-0"]
[WhiteElo "2255"]
[BlackElo "2076"]

1.c4 e5 2.g3 Nc6 3.Bg2 g6 4.Nc3 Bg7 5.e4 d6 6.Nge2 Be6 7.d3 Nge7 8.Nd5 O-O
9.O-O f5 10.Be3 Qd7 11.Qc2 Rf7 12.f3 Raf8 13.Rae1 Kh8 14.b3 Ng8 15.exf5 Bxf5
16.d4 Bh3 17.Rf2 h6 18.Bh1 g5 19.Bg2 a6 20.Ref1 Bxg2 21.Kxg2 Nce7 22.Nxe7 Nxe7
23.dxe5 Bxe5 24.f4 gxf4 25.Nxf4 Bxf4 26.Bxf4 Ng8 27.Be5+  1-0

[Event "ch-CZE"]
[Site "Lahucovice CZE"]
[Date "2003.02.22"]
[Round "5"]
[White "Stocek,J"]
[Black "Berezjuk,S"]
[Result "1-0"]
[WhiteElo "2563"]
[BlackElo "2448"]

1.c4 e5 2.g3 Nf6 3.Bg2 c6 4.Nf3 e4 5.Nd4 d5 6.cxd5 cxd5 7.O-O Nc6 8.Nxc6 bxc6
9.d3 exd3 10.Qxd3 Be7 11.Qc2 Bd7 12.Nc3 O-O 13.Bf4 Qa5 14.Rfd1 Bg4 15.Rac1 Rfe8
16.a3 h6 17.Rd4 Qb6 18.Be3 Qb7 19.Rd2 Bh5 20.Bd4 Bg6 21.Qa4 Bf5 22.e3 Nd7
23.Qd1 Nb6 24.e4 dxe4 25.Nxe4 Nd5 26.h4 Rac8 27.Nc3 Be6 28.Qf1 Nb6 29.Ne4 Bd5
30.Nc5 Bxc5 31.Bxc5 Bxg2 32.Qxg2 Nd5 33.Qf3 Re6 34.Re2 Rce8 35.Rxe6 Rxe6
36.Bd4 a6 37.b4 Qe7 38.Qd3 Qb7 39.h5 Qb5 40.Qf3 Nf6 41.Rc5 Qa4 42.Rf5 Qc2
43.Bxf6 gxf6 44.Rxf6 Rxf6  1-0